Paginas literarias, seguidas de los fundamentos de una estetica romantica /

Bibliographic Details
Main Author: Echeverría, Esteban, 1805-1851
Other Authors: Guttiérrez, Juan María, 1809-1878
Format: Book
Language:Spanish
Published: Buenos Aires : W.M. Jackson, [1945]
Series:Grandes escritores argentinos ; 19.

MARC

Tag First Indicator Second Indicator Subfields
LEADER 00000cam a2200000 4500
001 in00003464721
005 20151206104304.0
008 790326s1928 ag 00000 spa
010 |a  29027986  
035 |a (OCoLC)ocm04785102 
040 |a DLC  |c YSM  |d m.c.  |d TNY  |d UtOrBLW 
090 |a PQ7797.E3  |b A6 1945 
100 1 |a Echeverría, Esteban,  |d 1805-1851. 
245 1 0 |a Paginas literarias, seguidas de los fundamentos de una estetica romantica /  |c prólogo de Arturo Capdevila y apéndice de Juan María Gutierrez. 
264 1 |a Buenos Aires :  |b W.M. Jackson,  |c [1945] 
300 |a 200 pages ;  |c 19 cm. 
336 |a text  |b txt  |2 rdacontent 
337 |a unmediated  |b n  |2 rdamedia 
338 |a volume  |b nc  |2 rdacarrier 
490 1 |a Grandes escritores argentinos...IXX [i.e. XIX] 
500 |a "Los materiales de este tomo están tomados de las Obras completas de Echeverria, compiladas por Juan María Gutiérrez, que vieron la luz en 1874. A Gutiérrez pertenecen todas las notas que en él figuran."-p. iii. 
500 |a Reprint edition: volume 26. 
700 1 |a Guttiérrez, Juan María,  |d 1809-1878. 
830 0 |a Grandes escritores argentinos ;  |v 19. 
999 |a MARS 
999 f f |s 4637bfe3-d095-3a7d-885c-8d3be4f358d6  |i 696b112e-6b04-3827-a7ce-b11c33c62070  |t 0 
952 f f |p ric  |a Texas A&M University  |b Rellis Campus  |c Joint Library Facility  |d Remote Storage  |t 0  |e PQ7797.E3 A6 1945  |h Library of Congress classification  |i unmediated -- volume  |m 32060000803185 
998 f f |a PQ7797.E3 A6 1945  |t 0  |l Remote Storage